000
00198 a2200097 4500
001
13869
100
_a
Lumley F
245
_a
Gently Shahib
260
_a
London
_b
Pan Books
_c
090
_c
10839
_d
10839
942
_a
NUST-CAE
_c
M
_c
935
999
_c
248942
_d
248942